| 000 | 00513nam a2200193Ia 4500 | ||
|---|---|---|---|
| 999 |
_c7644 _d7644 |
||
| 003 | OSt | ||
| 005 | 20210708145852.0 | ||
| 008 | 151021s9999 xx 000 0 und d | ||
| 020 | _a127652507 | ||
| 040 |
_aMMU _beng _cMMU _dMMU |
||
| 050 | _aSD 399.5 .W72 | ||
| 100 | _aWright.Jonathan W | ||
| 245 |
_aIntroduction to forest Genetics/ _c Jonathan Wright W. |
||
| 260 |
_aNewYork : _bAcademic press, |
||
| 300 | _axvi, 463 p. : | ||
| 500 | _aincludes index | ||
| 650 | _a_Genetics | ||
| 942 |
_2lcc _cLOAN LOAN |
||